[Event "Titled Tue 24th Jun Late"]
[Site "chess.com INT"]
[Date "2025.06.24"]
[Round "3"]
[White "Injac, Teodora"]
[Black "Szpar, Milosz"]
[Result "0-1"]
[WhiteTitle "IM"]
[BlackTitle "IM"]
[WhiteElo "2457"]
[BlackElo "2495"]
[WhiteFideId "932400"]
[BlackFideId "1184989"]
[EventDate "2025.06.24"]

1. Nf3 d5 2. g3 Nc6 3. d4 Bf5 4. Bg2 Nb4 5. Na3 e6 6. O-O Be7 7. c3 Nc6 8. Ne5
Bd6 9. Nxc6 bxc6 10. Qa4 Qd7 11. c4 Nf6 12. c5 Be7 13. Bf4 O-O 14. b4 Rfb8 15.
Qa5 Rb7 16. Nb1 Rb5 17. Qa4 a5 18. a3 Rbb8 19. bxa5 Rb5 20. Nc3 Raxa5 21. Qd1
Rb2 22. a4 h6 23. Qc1 Rb8 24. Ra2 Rb4 25. Rd1 Qc8 26. Rb2 Rc4 27. Qd2 g5 28. Be5
Nd7 29. Nxd5 cxd5 30. Qxa5 Nxe5 31. dxe5 Bxc5 32. e3 Kg7 33. Qb5 c6 34. Qb3 Qa8
35. Ra1 Qa5 36. Bf1 Rc3 37. Qd1 Qa7 38. a5 d4 39. exd4 Bxd4 40. Rd2 c5 41. a6
Be4 42. Rc1 Ra3 43. Bg2 Bxg2 44. Kxg2 Qxa6 45. Qe2 Qc6+ 46. Kg1 Qd5 47. Re1 Rf3
48. Qd1 Qb7 49. Ree2 Qa8 50. Re1 h5 51. Qc2 h4 52. Qe4 Qxe4 53. Rxe4 hxg3 54.
hxg3 Rxg3+ 55. Kf1 Rh3 56. Ke2 Kg6 57. Rg4 Rh2 58. Kd1 Kf5 59. Rg3 Bxe5 60. Rf3+
Kg6 61. Re3 Bf4 62. Rh3 Rxh3 0-1

[Event "Titled Tue 24th Jun Late"]
[Site "chess.com INT"]
[Date "2025.06.24"]
[Round "3"]
[White "Haddouche, Mohamed"]
[Black "Bluebaum, Matthias"]
[Result "0-1"]
[WhiteTitle "GM"]
[BlackTitle "GM"]
[WhiteElo "2490"]
[BlackElo "2663"]
[WhiteFideId "7900660"]
[BlackFideId "24651516"]
[EventDate "2025.06.24"]

1. e4 e6 2. d3 d5 3. Qe2 Nc6 4. Nf3 e5 5. g3 dxe4 6. dxe4 Nf6 7. Bg2 Bc5 8. O-O
O-O 9. Rd1 Qe7 10. Nc3 Nd4 11. Nxd4 exd4 12. Na4 Bg4 13. Bf3 Bxf3 14. Qxf3 Nxe4
15. Nxc5 Nxc5 16. Rxd4 Qe1+ 17. Kg2 Rad8 18. Rxd8 Rxd8 19. Qe3 Qb4 20. b3 Ne6
21. Bb2 Qd2 22. Qxd2 Rxd2 23. Rc1 f6 24. Bc3 Rd5 25. Kf1 Ng5 26. Ke2 Ne4 27. Be1
Re5 28. Kf1 b5 29. Rd1 Rc5 30. Rc1 Ng5 31. Kg2 Kf7 32. h4 Ne6 33. Bd2 Rd5 34.
Be3 b4 35. c3 a5 36. cxb4 axb4 37. Rc4 c5 38. Kf3 Ke7 39. Ke4 Kd6 40. Kf3 Rd1
41. Rc2 Ra1 42. h5 Kd5 43. Rd2+ Nd4+ 44. Kf4 g5+ 45. hxg6 hxg6 46. g4 g5+ 47.
Kg3 Ke4 48. Bxd4 cxd4 49. Re2+ Kd3 50. Re6 Rxa2 51. Rxf6 Kc3 52. Rc6+ Kxb3 53.
Rc5 d3 54. Rxg5 d2 55. Rd5 Kc4 56. Rxd2 Rxd2 57. g5 b3 58. g6 b2 59. g7 Rd8 0-1

[Event "Titled Tue 24th Jun Late"]
[Site "chess.com INT"]
[Date "2025.06.24"]
[Round "3"]
[White "Skramstad, Oda Kofoed"]
[Black "Zilberstein, Dmitry"]
[Result "1-0"]
[WhiteTitle "WCM"]
[BlackTitle "IM"]
[WhiteElo "1898"]
[BlackElo "2358"]
[WhiteFideId "1564862"]
[BlackFideId "2010739"]
[EventDate "2025.06.24"]

1. d4 d6 2. c4 e5 3. d5 f5 4. Nc3 Nf6 5. Qc2 g6 6. e4 Bg7 7. Bd3 Na6 8. a3 Nc5
9. b4 Nxd3+ 10. Qxd3 O-O 11. Nge2 a5 12. Bb2 axb4 13. axb4 Rxa1+ 14. Bxa1 fxe4
15. Nxe4 Nxe4 16. Qxe4 Bf5 17. Qe3 Qh4 18. O-O Qxc4 19. Rc1 Qxd5 20. h3 Qf7 21.
Ng3 Be6 22. Ne4 h6 23. b5 Bc4 24. b6 d5 25. Nd2 cxb6 26. Nxc4 dxc4 27. Qxb6 Rc8
28. Qd6 Rc6 29. Qb8+ Kh7 30. Bxe5 c3 31. Bxg7 Qxg7 32. Qg3 b5 33. Qf3 Qc7 34.
Qe4 c2 35. h4 h5 36. g3 Rc4 37. Qd3 b4 38. Qb3 Qc5 39. Kf1 Qd5 40. Kg1 Qc5 41.
Kf1 Kg7 42. Qb2+ Rc3 43. Rxc2 Qc4+ 44. Kg1 Kh7 45. Re2 Rc1+ 46. Kg2 Qd5+ 47. f3
Rc7 48. Qxb4 Rf7 49. Qe4 Qf5 50. Qxf5 Rxf5 51. Re7+ Kg8 52. Ra7 Rb5 53. g4 hxg4
54. fxg4 Rc5 55. Kg3 Rb5 56. Kf4 Rc5 57. Re7 Rb5 58. Re5 Rb4+ 59. Kg5 Kf7 60.
Ra5 Rb7 61. Kh6 Rc7 62. Ra6 Rc4 63. Ra7+ Kg8 64. g5 1-0

[Event "Titled Tue 24th Jun Late"]
[Site "chess.com INT"]
[Date "2025.06.24"]
[Round "3"]
[White "Omariev, Maksim"]
[Black "Karas, Eugenia"]
[Result "1/2-1/2"]
[WhiteTitle "FM"]
[BlackTitle "WFM"]
[WhiteElo "2304"]
[BlackElo "2124"]
[WhiteFideId "4193423"]
[BlackFideId "463485"]
[EventDate "2025.06.24"]

1. h4 b6 2. h5 Bb7 3. a4 a5 4. d4 d5 5. h6 gxh6 6. Nc3 e6 7. Nf3 Ne7 8. Bf4 Bg7
9. e3 Nd7 10. Nb5 Rc8 11. Bd3 Ng6 12. Bxh6 Bxh6 13. Rxh6 Qf6 14. Qe2 Qg7 15. Rh2
e5 16. dxe5 Ndxe5 17. Nfd4 Nxd3+ 18. cxd3 Ne5 19. Rc1 Qg6 20. Kd2 c6 21. f4 Ng4
22. Rh4 h5 23. Nc3 Kd7 24. Nf3 f6 25. Kc2 Rce8 26. e4 Ba6 27. Qd2 dxe4 28. dxe4+
Kc7 29. Kb1 Rd8 30. Nd5+ Kb7 31. Qc3 cxd5 32. Qc7+ Ka8 33. Qxb6 Bd3+ 34. Ka1
Qxe4 35. Qxa5+ Kb8 36. Qb6+ Ka8 37. Nd4 Qe7 38. Rc7 Qe1+ 39. Ka2 Bc4+ 40. Ka3
Qa1+ 41. Kb4 Qxb2+ 42. Ka5 Qxb6+ 43. Kxb6 Rb8+ 44. Kc5 Rhc8 45. Rxc8 Rxc8+ 46.
Kd6 Rd8+ 47. Ke7 Rb8 48. Rxh5 Rb4 49. Rh8+ Kb7 50. Rg8 Ne3 51. Ne6 Rxa4 52. Nc5+
Kb6 53. Nxa4+ Kb5 54. Nc3+ Kb4 55. Ne2 d4 56. Nxd4 Bxg8 57. g3 Bc4 58. Kxf6 Nf1
59. g4 Ne3 60. g5 Bd3 61. Nc6+ Kc5 62. Ne5 Nd5+ 63. Kf7 Nxf4 64. Nxd3+ Nxd3 65.
g6 Ne5+ 66. Kf6 Nxg6 1/2-1/2

[Event "Titled Tue 24th Jun Late"]
[Site "chess.com INT"]
[Date "2025.06.24"]
[Round "3"]
[White "Ochedzan, Filip"]
[Black "Miserendino, Alfredo"]
[Result "0-1"]
[WhiteTitle "CM"]
[WhiteElo "1983"]
[BlackElo "2032"]
[WhiteFideId "21892610"]
[BlackFideId "101800"]
[EventDate "2025.06.24"]

1. Nf3 c5 2. g3 Nc6 3. Bg2 Nf6 4. O-O d5 5. c3 e5 6. d4 cxd4 7. cxd4 e4 8. Ne5
Bd6 9. Nxc6 bxc6 10. Nc3 O-O 11. f3 exf3 12. exf3 Re8 13. Re1 Rxe1+ 14. Qxe1 Ba6
15. Be3 Qd7 16. Qd2 Re8 17. Re1 h6 18. Bf2 Bb4 19. a3 Ba5 20. b4 Bb6 21. Na4 Bb5
22. Nc5 Bxc5 23. dxc5 Rxe1+ 24. Qxe1 d4 25. Qd2 d3 26. Bf1 Qd5 27. a4 Bxa4 28.
Qxd3 Qe6 29. Qd8+ Kh7 30. Bd3+ g6 31. Bd4 Kg7 32. Be4 Bb3 33. Qxf6+ Qxf6 34.
Bxf6+ Kxf6 35. Bxc6 Ke5 36. Bb7 f6 37. Kf2 Kd4 38. c6 Bd5 39. b5 Kc5 40. Ba6 Kb6
41. Ke3 Bxc6 42. Bc8 Bxb5 43. Be6 g5 44. h4 a5 45. f4 a4 46. fxg5 fxg5 47. hxg5
hxg5 48. Ke4 a3 49. Kf5 Bd7 50. Bxd7 a2 51. Kxg5 a1=Q 52. Kh6 Qf6+ 53. Kh5 Qf7+
54. Kh4 Qxd7 55. g4 Qg7 56. g5 Kc5 57. Kg4 Kd6 58. Kf5 Ke7 59. Kf4 Kf7 60. Kg4
Kg6 61. Kf4 Qe7 62. Kg4 Qe4+ 63. Kg3 Kxg5 64. Kf2 Kf4 65. Kg1 Qc2 66. Kf1 Kf3 0-1

[Event "Titled Tue 24th Jun Late"]
[Site "chess.com INT"]
[Date "2025.06.24"]
[Round "3"]
[White "Novosel, Lovro"]
[Black "Yang, Larry"]
[Result "1/2-1/2"]
[WhiteTitle "FM"]
[WhiteElo "2338"]
[BlackElo "2017"]
[WhiteFideId "14547120"]
[BlackFideId "2637618"]
[EventDate "2025.06.24"]

1. Nf3 Nf6 2. g3 g6 3. b3 Bg7 4. Bb2 O-O 5. c4 d6 6. Bg2 e5 7. d3 c5 8. O-O Nc6
9. Nc3 h6 10. a3 Be6 11. Ne1 Qd7 12. Nc2 Bh3 13. Ne3 Bxg2 14. Kxg2 Ne7 15. Ncd5
Nfxd5 16. Nxd5 Nxd5 17. cxd5 f5 18. b4 b6 19. bxc5 bxc5 20. Rb1 f4 21. f3 h5 22.
Qc2 fxg3 23. hxg3 Bh6 24. Bc1 Bxc1 25. Qxc1 Rab8 26. Qg5 Kg7 27. Rh1 Qd8 28. Qd2
Qc7 29. Rxb8 Rxb8 30. Qg5 Rb2 31. Rxh5 Rxe2+ 32. Kf1 Rb2 33. Qh6+ Kf6 34. Qh8+
Qg7 35. Qd8+ Qe7 36. Qh8+ Qg7 37. Rh7 Qxh8 38. Rxh8 Rd2 39. Rd8 Ke7 40. Ra8 Rxd3
41. Rxa7+ Kf6 42. Ke2 Rxd5 43. a4 Rd4 44. Ke3 Rb4 45. a5 Ra4 46. a6 Ke6 47. Ra8
Kd5 48. a7 Ra3+ 49. Kd2 c4 50. Kc2 Ra6 51. Kc3 Ra3+ 52. Kb4 Ra1 53. f4 exf4 54.
gxf4 Kd4 55. Rd8 Rxa7 56. Rxd6+ Ke4 57. Rf6 Rc7 58. Kc3 Rc8 59. Rxg6 Kxf4 60.
Ra6 Ke4 61. Ra4 Kd5 62. Ra5+ Ke4 63. Ra4 Kd5 64. Ra5+ Kc6 65. Rg5 Kb6 66. Rg4
Kb5 67. Rg5+ Rc5 68. Rg4 Rc6 69. Rg5+ Rc5 70. Rg8 Rc7 71. Rg4 Rc6 72. Rg5+ Rc5 1/2-1/2

[Event "Titled Tue 24th Jun Late"]
[Site "chess.com INT"]
[Date "2025.06.24"]
[Round "3"]
[White "Predein, Vladimir"]
[Black "Goryachkina, Aleksandra"]
[Result "0-1"]
[WhiteTitle "IM"]
[BlackTitle "GM"]
[WhiteElo "2373"]
[BlackElo "2533"]
[WhiteFideId "4117786"]
[BlackFideId "4147103"]
[EventDate "2025.06.24"]

1. e4 c5 2. Nf3 d6 3. d4 cxd4 4. Qxd4 a6 5. Qe3 Nc6 6. Be2 Nf6 7. h3 g6 8. O-O
Bg7 9. c4 O-O 10. Nc3 Be6 11. Rb1 Rc8 12. b3 Qa5 13. Bb2 Nd7 14. Rfd1 Nde5 15.
Nxe5 dxe5 16. a3 Nd4 17. b4 Qc7 18. c5 Rcd8 19. Bf1 b6 20. cxb6 Qxb6 21. Na4 Qa7
22. Nc5 Bc8 23. Bc4 Kh8 24. Rd2 f5 25. f3 f4 26. Qf2 Rd6 27. Rbd1 Rfd8 28. Kh2
g5 29. Bxd4 exd4 30. Nd3 e5 31. Bd5 h5 32. Rc2 Qe7 33. Rdc1 Bd7 34. Rc7 g4 35.
Qa2 Qh4 36. Nc5 gxh3 37. Nxd7 hxg2+ 38. Kxg2 Rg6+ 39. Kf1 Qh3+ 40. Ke1 Rg1+ 41.
Ke2 Rg2+ 42. Kd3 Qxf3+ 43. Kc4 Rxa2 44. Kc5 Qf2 45. Kd6 d3 46. Rc8 Qh4 47. Be6
Qf6 48. Rxd8+ Qxd8 49. Rd1 d2 50. b5 Bf8+ 51. Kc6 axb5 52. Kxb5 Qe7 53. Kc4
Qxe6+ 54. Kd3 Qxd7+ 55. Ke2 Rxa3 56. Kf1 Qd3+ 57. Kg2 f3+ 58. Kg3 f2+ 59. Kh4
Be7+ 60. Kxh5 Qf3+ 61. Kg6 Qxe4+ 62. Kf7 Rf3+ 63. Ke8 f1=Q 64. Kd7 Qec4 65. Ke8
Qb5+ 66. Kxe7 Rf7+ 67. Kd6 Qf6# 0-1

[Event "Titled Tue 24th Jun Late"]
[Site "chess.com INT"]
[Date "2025.06.24"]
[Round "3"]
[White "Pica, Eleni"]
[Black "Ohler, Julius"]
[Result "0-1"]
[WhiteTitle "WCM"]
[BlackTitle "FM"]
[WhiteElo "1686"]
[BlackElo "2301"]
[WhiteFideId "5910005"]
[BlackFideId "16238982"]
[EventDate "2025.06.24"]

1. d4 d6 2. e4 Nd7 3. Nf3 e5 4. c3 Ngf6 5. Bd3 Be7 6. Bg5 c6 7. O-O h6 8. Bh4 g5
9. Bg3 Qc7 10. Nbd2 Rg8 11. dxe5 Nxe5 12. Nxe5 dxe5 13. Nc4 Nd7 14. Qh5 Rg6 15.
h3 b5 16. Ne3 Nc5 17. Bc2 Be6 18. Qe2 f6 19. Nf5 Bf8 20. Rad1 Kf7 21. a3 a5 22.
Rd2 a4 23. Rfd1 Kg8 24. Nd6 Rg7 25. Nf5 Rd7 26. Qe3 Rad8 27. Rxd7 Rxd7 28. Rxd7
Qxd7 29. Nxh6+ Bxh6 30. Qxc5 Bf8 31. Qe3 Kf7 32. Kf1 Bc4+ 33. Ke1 Kg6 34. Qd2
Qc7 35. f3 Bc5 36. Bf2 Bxf2+ 37. Kxf2 Qb6+ 38. Qe3 Qc7 39. Qd2 Qb6+ 40. Qe3 Qb8
41. Qd2 Qh8 42. Qe3 Qh4+ 43. Kg1 Qg3 44. Qf2 Qf4 45. Qe1 Kg7 46. Kf2 Kg6 47. Qe3
Qh4+ 48. Kg1 Qh7 49. Qf2 Qd7 50. Qe3 Be6 51. Kf2 Bc4 52. Ke1 Qd8 53. Kf2 Qd6 54.
Ke1 c5 55. Kf2 b4 56. Ke1 bxa3 57. bxa3 Qb6 58. Qc1 Be6 59. Kd2 Bb3 60. Bd3 c4
61. Be2 Qf2 62. Qf1 Qc5 63. Qc1 Qd6+ 64. Ke1 Qc5 65. Kf1 Kh6 66. Qd2 Qxa3 0-1

[Event "Titled Tue 24th Jun Late"]
[Site "chess.com INT"]
[Date "2025.06.24"]
[Round "3"]
[White "Karas, Marek"]
[Black "Tymrakiewicz, Rafal"]
[Result "1-0"]
[WhiteTitle "FM"]
[BlackTitle "FM"]
[WhiteElo "2215"]
[BlackElo "2206"]
[WhiteFideId "14928558"]
[BlackFideId "1108832"]
[EventDate "2025.06.24"]

1. d4 g6 2. e4 Bg7 3. Nf3 Nf6 4. e5 Nd5 5. Bc4 Nb6 6. Bb3 d5 7. h3 O-O 8. O-O
Nc6 9. c3 f6 10. exf6 exf6 11. Re1 Bf5 12. Nbd2 Qd7 13. Nf1 Rae8 14. Ng3 Rxe1+
15. Qxe1 Re8 16. Qd1 Be6 17. Be3 Na5 18. Qc1 Nac4 19. Bd2 Nc8 20. Bxc4 dxc4 21.
Bh6 Bd5 22. Bxg7 Kxg7 23. Nh2 Qd6 24. Ng4 Kg8 25. Qd2 Nb6 26. Re1 Rxe1+ 27. Qxe1
Kf8 28. Qe3 Nd7 29. Qh6+ Kg8 30. Ne3 c6 31. h4 Bf7 32. h5 Nb6 33. hxg6 Bxg6 34.
Ngf5 Qf8 35. Qf4 Nd5 36. Nxd5 cxd5 37. Ne3 Qd8 38. f3 b5 39. a3 a5 40. Kf2 b4
41. axb4 axb4 42. Qg4 Kf7 43. Qh4 bxc3 44. bxc3 Qd6 45. Qh1 Kg7 46. Qa1 h5 47.
Qa7+ Kh6 48. Qa8 Kg7 49. Qxd5 Qxd5 50. Nxd5 Bf7 51. Nf4 h4 52. g3 hxg3+ 53. Kxg3
Kf8 54. Ng2 Ke7 55. Ne3 Kd6 56. Kf2 Kc6 57. Ke1 Kb5 58. Ng4 Ka4 59. Nxf6 Kb3 60.
Kd2 Bg6 61. Ne4 Bf7 62. Nc5+ Ka3 63. f4 Bd5 64. f5 Kb2 65. f6 Ka3 66. Nd7 1-0

[Event "Titled Tue 24th Jun Late"]
[Site "chess.com INT"]
[Date "2025.06.24"]
[Round "3"]
[White "Avramidou, Anastasia"]
[Black "Lugo, Blas"]
[Result "1-0"]
[WhiteTitle "FM"]
[BlackTitle "IM"]
[WhiteElo "2294"]
[BlackElo "2399"]
[WhiteFideId "4239873"]
[BlackFideId "2011263"]
[EventDate "2025.06.24"]

1. Nf3 d5 2. d4 Nf6 3. c4 c6 4. Nc3 e6 5. cxd5 exd5 6. Bg5 Be7 7. e3 Bf5 8. Qb3
Qb6 9. Nd2 Nbd7 10. Be2 O-O 11. O-O Rfe8 12. Rfc1 h6 13. Bf4 Nf8 14. Na4 Qxb3
15. Nxb3 Ne6 16. Be5 Nd7 17. Bg3 Nb6 18. Nac5 Nxc5 19. Nxc5 Bxc5 20. Rxc5 Na4
21. Ra5 Nxb2 22. Rc1 Bg6 23. Ra3 Re7 24. Bd6 Rd7 25. Bc5 a6 26. Bb4 Re8 27. g3
Nc4 28. Bxc4 dxc4 29. Rxc4 Be4 30. Bc5 Bd5 31. Rc1 f5 32. Rc2 g5 33. f4 g4 34.
Kf2 h5 35. Rb2 Kf7 36. Rc3 Rh8 37. Ke1 h4 38. gxh4 Rxh4 39. Rcc2 Rh3 40. Rc3 g3
41. hxg3 Rxg3 42. Kd1 Rg1+ 43. Kc2 Ke6 44. Ra3 Be4+ 45. Kc3 Rc1+ 46. Kb4 Rg7 47.
Rc3 Ra1 48. Ka5 Bd5 49. a3 Re1 50. Kb6 Be4 51. Rcb3 Rh7 52. Ka5 Bd5 53. Rxb7
Rxb7 54. Rxb7 Rxe3 55. Re7+ Kf6 56. Rxe3 Kg6 57. Re5 Kh5 58. Kxa6 Kg4 59. Bd6
Kxf4 60. Rxd5+ Kg4 61. Rc5 f4 62. Bxf4 Kxf4 63. Rxc6 Ke4 64. Rc8 Kd5 65. Kb7
Kxd4 66. a4 Ke4 67. a5 1-0

[Event "Titled Tue 24th Jun Late"]
[Site "chess.com INT"]
[Date "2025.06.24"]
[Round "3"]
[White "Kozionov, Kirill"]
[Black "Asish Panda"]
[Result "0-1"]
[WhiteTitle "IM"]
[WhiteElo "2442"]
[BlackElo "1911"]
[WhiteFideId "24101729"]
[BlackFideId "45012458"]
[EventDate "2025.06.24"]

1. d4 d5 2. c4 e6 3. Nc3 Nf6 4. Bf4 Bd6 5. Bxd6 Qxd6 6. e3 O-O 7. Nf3 c5 8. cxd5
exd5 9. Be2 Nc6 10. O-O Bg4 11. dxc5 Qxc5 12. Nd4 Bxe2 13. Ncxe2 Ne5 14. Qb3 b6
15. Rac1 Qe7 16. Ng3 Rfc8 17. a3 h5 18. Rc3 Rc5 19. Rfc1 Rac8 20. h3 g6 21. Qa4
h4 22. Nge2 Ne4 23. Rxc5 bxc5 24. Nb5 Nd3 25. Rf1 Nexf2 26. Rxf2 Qxe3 27. Qxh4
Re8 28. Nbc3 Nxf2 29. Qxf2 Qxf2+ 30. Kxf2 d4 31. Nd5 Re5 32. Nc7 d3 33. Nc3 c4
34. N7d5 Kg7 35. Ne3 Rc5 36. Kf3 f5 37. Ned1 Rc8 38. Ke3 Rd8 39. Kd2 f4 40. Ke1
Re8+ 41. Kf2 g5 42. Kf3 Kg6 43. Kf2 Re6 44. Nb5 Re2+ 45. Kf3 Rc2 46. Nbc3 Rc1
47. Ke4 Rc2 48. Kd4 Rxg2 49. Kxc4 d2 50. Kd3 Kh5 51. Ne4 Kh4 52. Nxd2 Kxh3 53.
b4 Rg3+ 54. Kc4 Kg4 55. Nc3 Rg2 56. Nde4 f3 57. a4 Kf4 58. b5 f2 59. Nxf2 Rxf2
60. a5 Rb2 61. Na4 Ra2 0-1

[Event "Titled Tue 24th Jun Late"]
[Site "chess.com INT"]
[Date "2025.06.24"]
[Round "3"]
[White "Khouri, Ahmed Abbas"]
[Black "Ambartsumova, Karina"]
[Result "1/2-1/2"]
[WhiteTitle "FM"]
[BlackTitle "IM"]
[WhiteElo "1978"]
[BlackElo "2403"]
[WhiteFideId "9301518"]
[BlackFideId "4166299"]
[EventDate "2025.06.24"]

1. e4 c5 2. Nf3 a6 3. d4 cxd4 4. Nxd4 Nf6 5. Nc3 e5 6. Nb3 Bb4 7. Bd3 d5 8. exd5
Nxd5 9. O-O Nxc3 10. bxc3 Bxc3 11. Rb1 O-O 12. Qh5 g6 13. Qh6 e4 14. Bxe4 Bg7
15. Qf4 Nc6 16. Be3 Re8 17. Bf3 Ne5 18. Be2 b5 19. Rfd1 Qe7 20. Bc5 Qe6 21. Rd6
Qf5 22. Qxf5 Bxf5 23. Nd4 Rac8 24. Nxf5 gxf5 25. Be3 Rxc2 26. Rd2 Rxd2 27. Bxd2
Nc4 28. Bxc4 bxc4 29. Rc1 c3 30. Be3 Rb8 31. Kf1 Rb2 32. a3 Ra2 33. Bc5 c2 34.
Ke2 Bh6 35. Be3 f4 36. Bd2 a5 37. f3 a4 38. Kd3 Rxa3+ 39. Kxc2 Ra2+ 40. Kd3 a3
41. Rc4 Bf8 42. Rc8 Kg7 43. Bc3+ f6 44. Rc7+ Kg6 45. Rc6 Be7 46. Re6 Bd8 47. Rd6
Be7 48. Re6 Bc5 49. Rxf6+ Kg5 50. Rc6 Be3 51. Ra6 Rxg2 52. Ra5+ Kg6 53. Rxa3
Rxh2 54. Ke4 h5 55. Ra6+ Kf7 56. Rf6+ Ke7 57. Rh6 Kd7 58. Be5 h4 59. Bxf4 Bxf4
60. Kxf4 Ke7 61. Kg4 Rg2+ 62. Kxh4 Rh2+ 63. Kg5 Rxh6 64. Kxh6 Kf6 65. Kh5 Kf5
66. Kh4 Kf4 67. Kh3 Kxf3 1/2-1/2

[Event "Titled Tue 24th Jun Late"]
[Site "chess.com INT"]
[Date "2025.06.24"]
[Round "3"]
[White "Chigaev, Maksim"]
[Black "Ribeiro, Gustavo"]
[Result "1/2-1/2"]
[WhiteTitle "GM"]
[BlackTitle "FM"]
[WhiteElo "2635"]
[BlackElo "2314"]
[WhiteFideId "4108116"]
[BlackFideId "1941852"]
[EventDate "2025.06.24"]

1. Nf3 Nf6 2. c4 a6 3. Nc3 c5 4. g3 b5 5. cxb5 axb5 6. Nxb5 d5 7. d4 Ne4 8. Nc3
cxd4 9. Nxd4 Nxc3 10. bxc3 e5 11. Nb3 Be6 12. Bg2 Be7 13. O-O O-O 14. c4 e4 15.
cxd5 Bxd5 16. Bb2 Nc6 17. Qd2 Bxb3 18. Qxd8 Raxd8 19. axb3 Rd2 20. Bxe4 Rxe2 21.
Bxc6 Rxb2 22. Ra7 Bc5 23. Rb7 Rd8 24. Bd7 g6 25. Kg2 Ra8 26. Bc6 Raa2 27. Bd5
Rxf2+ 28. Rxf2 Rxf2+ 29. Kh1 Rf5 30. Bc4 g5 31. g4 Rf4 32. h3 Kf8 33. Kg2 Be7
34. Rb8+ Kg7 35. Rb7 Kf8 36. Rd7 h6 37. Rc7 Rd4 38. Kf3 Rd2 39. b4 Bxb4 40.
Rxf7+ Ke8 41. Rh7 Bf8 42. Bf7+ Kd8 43. Bg6 Rd6 44. Bf5 Ra6 45. Ke4 Ra5 46. Rd7+
Ke8 47. Rb7 Be7 48. Rb6 Bf8 49. Bg6+ Ke7 50. Bf5 Bg7 51. Rb7+ Kf6 52. Kd3 Ra3+
53. Kc4 Rxh3 54. Rb6+ Kf7 55. Bg6+ Ke7 56. Bh5 Rc3+ 57. Kd5 Rd3+ 58. Ke4 Rd6 59.
Rb7+ Rd7 60. Rb6 Rd6 61. Rb8 Re6+ 62. Kf3 Rf6+ 63. Ke4 Rf4+ 64. Kd5 Rd4+ 65. Kc6
Rd6+ 66. Kc5 Bd4+ 67. Kc4 Be5 68. Re8+ Kf6 69. Rf8+ Ke7 70. Rf7+ Ke6 71. Rh7 Bf6
72. Rxh6 Ke5 73. Rh7 Rd4+ 74. Kb5 Rd5+ 75. Kc4 Rd4+ 76. Kb5 Rd5+ 77. Kc4 Rd4+ 1/2-1/2

[Event "Titled Tue 24th Jun Late"]
[Site "chess.com INT"]
[Date "2025.06.24"]
[Round "3"]
[White "Hansen, Eric"]
[Black "Roberson, Peter T"]
[Result "0-1"]
[WhiteTitle "GM"]
[BlackTitle "IM"]
[WhiteElo "2609"]
[BlackElo "2433"]
[WhiteFideId "2606771"]
[BlackFideId "412384"]
[EventDate "2025.06.24"]

1. e4 e6 2. d4 d5 3. Nc3 Bb4 4. e5 b6 5. a3 Bf8 6. Bb5+ c6 7. Ba4 a5 8. Nce2 Ba6
9. c3 Ne7 10. Nf3 Nf5 11. h4 Be7 12. h5 h6 13. Bc2 c5 14. Bxf5 exf5 15. Nf4 Bg5
16. e6 O-O 17. Ne5 Bxf4 18. exf7+ Rxf7 19. Bxf4 Rf6 20. f3 Nc6 21. Kf2 cxd4 22.
cxd4 Nxe5 23. Bxe5 Rc6 24. Rc1 Rac8 25. Rxc6 Rxc6 26. Bf4 Re6 27. Qc2 Re2+ 28.
Qxe2 Bxe2 29. Kxe2 Qe8+ 30. Kf2 Qb5 31. b4 axb4 32. axb4 Qxb4 33. Be5 Qd2+ 34.
Kg3 Qg5+ 35. Kf2 Kh7 36. Rb1 Qd8 37. Rc1 Qh4+ 38. Kg1 Qxh5 39. Rc7 Qg5 40. Rb7
Qe3+ 41. Kh2 Qg5 42. Rxb6 Qh4+ 43. Kg1 g5 44. Rb7+ Kg6 45. Rg7+ Kh5 46. g3 Qh3
47. Bd6 f4 48. gxf4 Qg3+ 49. Kh1 Qxf3+ 50. Kg1 Qe3+ 51. Kh1 Qe4+ 52. Kh2 Qxd4
53. Be5 Qf2+ 54. Kh1 Qh4+ 55. Kg2 Qg4+ 56. Kh2 Qe2+ 57. Kh1 gxf4 58. Bf6 Qf3+
59. Kh2 d4 60. Rg2 d3 61. Bc3 Qe4 62. Bd2 f3 63. Rf2 Kg4 64. Kg1 h5 65. Rh2 h4
66. Kf1 h3 67. Kg1 Qd4+ 68. Kf1 Qa1+ 69. Kf2 Qa2 70. Kf1 Qb1+ 71. Kf2 Qc2 72.
Ke3 Qd1 73. Rf2 Qe2+ 74. Rxe2 dxe2 0-1

[Event "Titled Tue 24th Jun Late"]
[Site "chess.com INT"]
[Date "2025.06.24"]
[Round "3"]
[White "Christiansen, Johan-Sebastian"]
[Black "Rodgers, Jack"]
[Result "1-0"]
[WhiteTitle "GM"]
[BlackTitle "FM"]
[WhiteElo "2642"]
[BlackElo "2183"]
[WhiteFideId "1512668"]
[BlackFideId "3220885"]
[EventDate "2025.06.24"]

1. e4 c5 2. Nf3 g6 3. c3 Bg7 4. d4 cxd4 5. cxd4 d5 6. e5 Bg4 7. Nbd2 Nh6 8. h3
Bxf3 9. Nxf3 Nc6 10. Bd3 O-O 11. O-O Nf5 12. Bxf5 gxf5 13. Be3 e6 14. Qd2 Rc8
15. Rfc1 Kh8 16. Rc2 Qb6 17. Rac1 Ne7 18. Rxc8 Rxc8 19. Rxc8+ Nxc8 20. Bh6 Qd8
21. Bg5 Qe8 22. Bf6 Ne7 23. Qh6 Qg8 24. Ng5 Nc6 25. Qh5 Bxf6 26. exf6 Qg6 27.
Nxf7+ Kg8 28. Nh6+ Kf8 29. Qh4 Nd8 30. a4 Nf7 31. Nxf7 Kxf7 32. Qf4 Qxf6 33.
Qc7+ Qe7 34. Qb8 a6 35. Qc8 b5 36. Qxa6 bxa4 37. Qxa4 Qc7 38. Qd1 Qc4 39. g3 Kg7
40. Qd2 Qa2 41. Kg2 Qb1 42. Qe2 Kf7 43. Qh5+ Kg7 44. Qe2 Kf7 45. h4 h6 46. Qh5+
Kg7 47. Qe2 Kf7 48. Qd2 Qe4+ 49. f3 Qb1 50. h5 Kg7 51. Qe2 Kf7 52. Kh2 Qc1 53.
b4 Qb1 54. b5 Kg7 55. Kg2 Kf7 56. Kh2 Qb4 57. Qd3 Qb2+ 58. Kh3 Kf6 59. g4 Qc1
60. Kg2 Qb2+ 61. Kg3 Qc1 62. Kg2 Qb2+ 63. Kh3 Qc1 64. Qe2 Qg5 65. Qe5+ Kf7 66.
Qc7+ Kf6 67. Qd8+ Kf7 68. Qxg5 hxg5 69. b6 e5 70. b7 exd4 71. b8=Q 1-0

[Event "Titled Tue 24th Jun Late"]
[Site "chess.com INT"]
[Date "2025.06.24"]
[Round "3"]
[White "Kovalenko, Igor"]
[Black "Nalbandyan, Vahan"]
[Result "1-0"]
[WhiteTitle "GM"]
[BlackTitle "CM"]
[WhiteElo "2676"]
[BlackElo "2155"]
[WhiteFideId "14117908"]
[BlackFideId "13309439"]
[EventDate "2025.06.24"]

1. d4 Nf6 2. c4 g6 3. Nf3 Bg7 4. g3 O-O 5. Bg2 d6 6. O-O Nbd7 7. Nc3 e5 8. e3 c6
9. h3 a5 10. Qc2 Re8 11. b3 exd4 12. exd4 Nf8 13. Ba3 Bf5 14. Qd2 Qd7 15. Kh2
Ne4 16. Nxe4 Bxe4 17. Rae1 a4 18. Qb4 Bxf3 19. Bxf3 axb3 20. axb3 Bxd4 21. Rxe8
Rxe8 22. Qxd6 Qxd6 23. Bxd6 Nd7 24. Kg2 Bc5 25. Bf4 Nf6 26. Rb1 Kg7 27. b4 Bd4
28. Rd1 Bc3 29. b5 cxb5 30. cxb5 b6 31. Rd6 Re6 32. Rxe6 fxe6 33. Be3 Ba5 34.
Bd4 Kf7 35. Bc6 Ng8 36. f4 Ne7 37. Bb7 Ke8 38. Kf3 Kd7 39. g4 Kd6 40. Ke4 Ng8
41. Bc6 Ne7 42. Be8 Nd5 43. Bf7 Nc3+ 44. Kd3 Nxb5 45. Be5+ Ke7 46. Bg8 h6 47.
Bg7 h5 48. g5 Nd6 49. Bf6+ Kf8 50. Bxe6 Bb4 51. Kd4 Bc5+ 52. Kd5 Ne8 53. Be5 Ke7
54. f5 gxf5 55. Bxf5 Be3 56. g6 Bh6 57. Kc6 Ng7 58. Bc2 Ne6 59. Kxb6 Bg7 60. Bg3
Ng5 61. h4 Nf3 62. Be4 Ne5 63. Kc5 Kf6 64. Kd6 Nxg6 65. Bf3 Bf8+ 66. Kd5 Ne7+
67. Ke4 Nf5 68. Be1 Kg6 69. Ke5 Bd6+ 70. Kd5 Be7 71. Be4 Kf6 72. Bc3+ Kg6 73.
Be1 Kf6 74. Bc3+ Kg6 75. Ke6 1-0